000 00302nam a22001337a 4500
020 _a1-9043-5128-X
082 _a823
_bJEA/G
100 _aJEAN
100 _aADAMSON, GARETH
245 _aGON ON AN AEROPLANE
_bTOPSY+TIM
260 _aLONDON
_bLADYBIRD
650 _aENGLISH SHORT STORY
_zUK
942 _cBK
999 _c4092
_d4092